Organic farming: Yesterday's and tomorrow's agriculture. (Record no. 33705)

MARC details
000 -LEADER
fixed length control field 00315nam a2200121Ia 4500
082 ## - DEWEY DECIMAL CLASSIFICATION NUMBER
Classification number 631.11
Item number WOL
245 #0 - TITLE STATEMENT
Title Organic farming: Yesterday's and tomorrow's agriculture.
260 ## - PUBLICATION, DISTRIBUTION, ETC. (IMPRINT)
Place of publication Emmaus
Name of publisher Rodale
Year of publication 1977
650 ## - SUBJECT ADDED ENTRY--TOPICAL TERM
Topical Term Farming
700 ## - ADDED ENTRY--PERSONAL NAME
Personal name WOLF, Ray
942 ## - ADDED ENTRY ELEMENTS (KOHA)
Koha item type Books
Holdings
Withdrawn status Lost status Damaged status Not for loan Home library Current library Date acquired Full call number Accession Number Koha item type
        RRII Library RRII Library 16/12/2021 631.11 WOL 14151 Books